000 00651nam a22001337a 4500
040 _cRUA
082 _aVEM LOC 2024 B1-330 Or.
100 _aLOCH CHANDARO,ឡុច ចន្តារ៉ូ
245 _aCASE OF SALMONELLA SPP. ON CHICKEN MEAT IN MARKET AT PREY KABAS DISTRICT TAKEO PROVINCE,ករណី​ SALMONELLA SPP. លើសាច់មាន់នៅលើទីផ្សារ ស្រុកព្រៃកប្បាស ខេត្តតាកែវ
260 _aphnom penh
_brua
_c2024
300 _aix.47p.
_bill.
_c29cm.
856 _uhttps://drive.google.com/file/d/1UQFXP3-th6oGS76l8Rh5i8G245GpRjo4/view?usp=sharing
942 _cVEM
999 _c24757
_d24757